000 00567nam a2200193 4500
001 124219
003 ES-MaACL
005 20250408063058.0
007 t|
008 070214s1951 sp r ||||1| spa d
100 1 _aRas, Matilde,
_d1881-1969
_995477
245 1 0 _aHistoria de la escritura y grafologĂ­a /
_cMatilde Ras.
260 _aMadrid :
_bPlus Ultra,
_c1951.
300 _a380 p. :
_bil. ;
_c12 cm.
650 4 _aEscritura-
_xHistoria.
_912402
650 _aGrafologĂ­a.
_913152
852 _aES-MaACL
_jD-7014
_bR.31963
999 _c124219
_d124219